History Quiz

Random History Quiz

Presidents whos terms ended early Quiz Stats

 Plays Quiz not verified by Sporcle

Challenge
Share
Tweet
Score 0/9 Timer 08:00
0 Plays Today
Answer % Correct
john f kennedy
96.3%
abe lincoln
94.5%
richard nixon
93.6%
franklin d roosevelt
89.9%
william henry harrison
88.1%
james garfield
87.2%
william mckinley
84.4%
warren g harding
76.1%
zachary taylor
74.3%

You're not logged in!

Compare scores with friends on all Sporcle quizzes.
Join for Free
OR
Log In

You Might Also Like...

Show Comments

Extras

Created Aug 9, 2014ReportNominate
Tags:early, ended, full, President, serve, term

Top Quizzes Today


Score Distribution

Your Account Isn't Verified!

In order to create a playlist on Sporcle, you need to verify the email address you used during registration. Go to your Sporcle Settings to finish the process.

Report this User

Report this user for behavior that violates our Community Guidelines.

Details: